La caida

Saved in:
Bibliografiske detaljer
Hovedforfatter: Camus, Albert (Author)
Format: Bog
Sprog:spansk
Udgivet: Madrid Alianza 1982
Serier:Literatura
Fag:
Tags: Tilføj Tag
Ingen Tags, Vær først til at tagge denne postø!

MARC

LEADER 00000nam a2200000 a 4500
001 UCQ0088
003 CL-VaPUC
008 980619e19820000SP |||||||||||||||||spa|d
082 0 4 |a 843  |b CAM  |2 21 
100 0 |a Camus, Albert  |e author  |9 315220 
245 1 3 |a La caida 
300 |a 132 p 
942 |c BK 
945 |d 19980619 00:00:00  |a mvenant 
260 |a Madrid  |b Alianza  |c 1982 
650 0 |a Novela francesa  |9 264985 
583 |a last modification  |c 19980619 00:00:00  |k Rodrigo Vera 
490 0 |a Literatura 
999 |c 271248  |d 271246 
952 |0 0  |1 0  |4 0  |6 843_000000000000000_CAM_1982  |7 0  |8 A  |9 305847  |a BIBARQ  |b BIBARQ  |d 2019-11-20  |i 3437299  |l 1  |o 843 CAM 1982  |p 3437299  |r 2025-01-20  |s 2023-05-05  |w 2019-11-20  |y BK  |k ARQ